TO RX or not: Mainstreaming informal providers (Record no. 522643)

000 -LEADER
fixed length control field 01746nam a22001577a 4500
008 - FIXED-LENGTH DATA ELEMENTS--GENERAL INFORMATION
fixed length control field 230501b ||||| |||| 00| 0 eng d
100 ## - MAIN ENTRY--PERSONAL NAME
Personal name Singh, Vanita
245 ## - TITLE STATEMENT
Title TO RX or not: Mainstreaming informal providers
260 ## - PUBLICATION, DISTRIBUTION, ETC. (IMPRINT)
Place of publication, distribution, etc Vikalpa: The Journal for Decision Makers
300 ## - PHYSICAL DESCRIPTION
Extent 47(4), Oct-Dec, 2022: p.314-316
520 ## - SUMMARY, ETC.
Summary, etc This case revitalizes the policy debate about mainstreaming informal providers (IPs) in India’s rural healthcare delivery system. Using a narrative case method, this case highlights the poor state of public healthcare delivery in rural areas and the resulting dependence of the rural population on IPs. It begins with the narration of an incident wherein the Union Health Minister visits Jawanpore District Hospital and, after taking a round of hospital premises, he addresses a gathering. Soon, Mr. Das from an NGO rushes to the podium and appeals to the minister to address the issues of access in rural areas. The minister lends his ears to the critical issue and calls for a policy roundtable to find a solution. The first roundtable discussion ends without any clear way forward. The second roundtable is due with an expectation of finalizing a strategy to resolve access issues in rural India. Ms. Shyama, the case protagonist, has researched the inequities in healthcare access and, based on her groundwork, proposes a strategic solution to deal with the dilapidated state of healthcare delivery in rural India. Her proposition is supplemented with facts about the poor state of rural health. – Reproduced
650 ## - SUBJECT ADDED ENTRY--TOPICAL TERM
Topical term or geographic name as entry element Rural healthcare delivery system, Rural healthcare, Healthcare
9 (RLIN) 40247
773 ## - HOST ITEM ENTRY
Main entry heading Vikalpa: The Journal for Decision Makers
906 ## - LOCAL DATA ELEMENT F, LDF (RLIN)
Subject DIP HEALTH SERVICES
942 ## - ADDED ENTRY ELEMENTS (KOHA)
Item type Articles
Holdings
Withdrawn status Lost status Source of classification or shelving scheme Damaged status Not for loan Permanent location Current location Date acquired Serial Enumeration / chronology Barcode Date last seen Koha item type
          Indian Institute of Public Administration Indian Institute of Public Administration 2023-05-01 47(4), Oct-Dec, 2022: p.314-316 AR128740 2023-05-01 Articles

Powered by Koha